000 01659nam a2200265 a 4500
001 000024110
005 20210420113209.0
008 110119s1994 dr 000 0 spa d
040 _aDO-SdBNP
_bspa
_cBNPHU
082 _a346.72930135
_bR426c, 1994
110 1 _aRepública Dominicana
_9447
240 1 0 _a[Leyes, etc.].
245 1 0 _aCódigo para la protección de niños, niñas y adolescentes y normativa internacional.
260 _aSanto Domingo :
_bUNICEF,
_c1994.
300 _a286 p. ;
_c27 cm.
505 0 _gPresentación
_tCódigo para la protección de niños, niñas y adolescentes --
_tConvención sobre los derechos del niño, aprobada por la Asamblea General de las Naciones Unidas el 20 de Noviembre de 1989 --
_tReglas de Beijing, reglas mínimas de las Asamblea General de las Naciones Unidas para la administración de la justicia de menores --
_tProtección de los menores privados de libertad --
_tDirectrices de la RIAD, directrices de las Naciones Unidas para la prevención de la delincuencia juvenil --
_tApéndice: Convención sobre la eliminación de todas las formas de discriminación contra la mujer, aprobada por la Asamblea General de las Naciones Unidas el 16 de diciembre de 1979.
590 _aInventariado, 2018/BT
650 4 _aDerechos del niño
_zRepública Dominicana
_949526
650 4 _aMenores
_xLegislación
_zRepública Dominicana
_949527
650 4 _aDerecho de familia
_xLegislación
_949528
650 4 _aTrabajo social con niños
_xLegislación
_917172
650 4 _aNiños
_xSituación legal
_95138
710 _aFondo de las Naciones Unidas para la Infancia
_99270
910 _aValidado. Control de calidad EMS
999 _c23605
_d23605